000 00545nam a2200193Ia 4500
008 191130s1996##################000#0#eng##
020 _a9780590899260
040 _aACL
_cACL
082 _a649.6 GRE
100 _aGreenberg, Polly
245 _aWhat do I do when my child won't do as I say?
_cPolly Greenberg
260 _aNew York
_bScholastic
_c1996
300 _a32 p. : ill. ; 23 cm
650 _aChild rearing
650 _aDiscipline of children
990 _a89dcc146ac10000c4187a17dd9f0ebf2
991 _a101323
999 _c94120
_d94120